000 01014nam a2200265 a 4500
001 000042716
005 20260303133933.0
008 140205s2012 dr a 001 0 spa d
020 _a9789945475401
040 _aDO-SdBNP
_bspa
_cBNPHU
082 _aRD867.5
_bR457g
100 1 _aReyes Peña, Víctor Manuel,
_d1960-
_970031
245 1 3 _aEl gato con votos /
_cVíctor Reyes.
260 _aSanto Domingo :
_bOrtega,
_c2012.
300 _a126 p. :
_bil. ;
_c22 cm.
500 _aIncluye datos biográficos del autor en las solapas de la cubierta.
650 0 _aHumorismo dominicano
_9275
650 4 _aSátira política dominicana
_927145
650 4 _aCampañas políticas
_xAnécdotas, chistes, satiras, etc.
_970032
650 4 _aPolíticos dominicanos
_xAnécdotas, chistes, satiras, etc.
_970033
650 0 _aLiteratura dominicana.
_967
651 4 _aRepública Dominicana
_xPolítica Y Gobierno
_xAnécdotas, Chistes, Sátiras, Etc.
_927146
910 _aValidado. Control de calidad EMS.
049 _aBNPD
999 _c42205
_d42205